[Event "Oberliga Sued W 2122"]
[Site "Germany"]
[Date "2022.03.13"]
[Round "7.6"]
[White "Vogel, Johannes"]
[Black "Gress, Alexander"]
[Result "1-0"]
[WhiteElo "2155"]
[BlackElo "2104"]
[PlyCount "93"]
[EventDate "2021.10.24"]
[EventType "team-tourn"]
[EventRounds "9"]
[EventCountry "GER"]
[SourceTitle "EXT 2023"]
[Source "ChessBase"]
[SourceDate "2022.10.05"]
[SourceVersion "1"]
[SourceVersionDate "2022.10.05"]
[SourceQuality "1"]
[WhiteTeam "Landau"]
[BlackTeam "Schwarzenbach"]
[WhiteTeamCountry "GER"]
[BlackTeamCountry "GER"]

1. e4 c5 2. Nf3 d6 3. d4 cxd4 4. Nxd4 Nf6 5. Nc3 a6 6. Bg5 e6 7. f4 h6 8. Bxf6 Qxf6 9. Qd2 Nc6 10. Nxc6 bxc6 11. 0-0-0 Qd8 12. Bc4 Be7 13. Kb1 0-0 14. g4 Bb7 15. h4 d5 16. Bb3 dxe4 17. Qe2 Qa5 18. g5 h5 19. Rd7 Bc8 20. Rxe7 Qd8 21. Qxh5 Qxe7 22. Nxe4 Rd8 23. Rg1 Qa7 24. Rg3 Kf8 25. c3 Qc7 26. Rf3 c5 27. Qh8+ Ke7 28. Qxg7 Bb7 29. Qf6+ Kf8 30. Qh8+ Ke7 31. Qf6+ Kf8 32. Re3 c4 33. Qh8+ Ke7 34. Qf6+ Kf8 35. Qh8+ Ke7 36. Qf6+ Kf8 37. Bc2 Rab8 38. Qh8+ Ke7 39. Qf6+ Ke8 40. g6 Bxe4 41. Rxe4 Qb7 42. gxf7+ Kf8 43. Qh6+ Kxf7 44. Qxe6+ Kf8 45. b4 cxb3 46. Bxb3 Qg7 47. Qf5+ 1-0

[Event "Oberliga Sued W 2122"]
[Site "Germany"]
[Date "2022.02.13"]
[Round "6.5"]
[White "Vogel, Christian"]
[Black "Gress, Alexander"]
[Result "1-0"]
[WhiteElo "2179"]
[BlackElo "2104"]
[PlyCount "63"]
[EventDate "2021.10.24"]
[EventType "team-tourn"]
[EventRounds "9"]
[EventCountry "GER"]
[SourceTitle "EXT 2023"]
[Source "ChessBase"]
[SourceDate "2022.10.05"]
[SourceVersion "1"]
[SourceVersionDate "2022.10.05"]
[SourceQuality "1"]
[WhiteTeam "Saarbruecken"]
[BlackTeam "Schwarzenbach"]
[WhiteTeamCountry "GER"]
[BlackTeamCountry "GER"]

1. Nf3 c5 2. g3 Nf6 3. Bg2 Nc6 4. d4 cxd4 5. Nxd4 g6 6. 0-0 Bg7 7. e4 0-0 8. Ne2 d6 9. Nbc3 Bg4 10. h3 Be6 11. Nf4 Bc4 12. Re1 e5 13. Nfe2 Rc8 14. Bg5 Qb6 15. b3 Bxe2 16. Nxe2 Nd4 17. c4 Nd7 18. Nc3 Kh8 19. Nd5 Qc5 20. Rc1 a5 21. Qg4 f5 22. exf5 gxf5 23. Qh4 Rf7 24. Qh5 Rcf8 25. Kh1 Nf6 26. Qh4 f4 27. g4 f3 28. Bf1 Nxd5 29. cxd5 Qxd5 30. Bc4 Qc5 31. Bxf7 Qb4 32. Bg6 1-0

[Event "Oberliga Sued W 2122"]
[Site "Germany"]
[Date "2021.11.14"]
[Round "2.6"]
[White "Hoffmann, Thomas"]
[Black "Gress, Alexander"]
[Result "1-0"]
[WhiteElo "2020"]
[BlackElo "2104"]
[PlyCount "91"]
[EventDate "2021.10.24"]
[EventType "team-tourn"]
[EventRounds "9"]
[EventCountry "GER"]
[SourceTitle "EXT 2023"]
[Source "ChessBase"]
[SourceDate "2022.10.05"]
[SourceVersion "1"]
[SourceVersionDate "2022.10.05"]
[SourceQuality "1"]
[WhiteTeam "Altenkirchen"]
[BlackTeam "Schwarzenbach"]
[WhiteTeamCountry "GER"]
[BlackTeamCountry "GER"]

1. d4 c5 2. d5 Nf6 3. c4 b5 4. b3 g6 5. Bb2 Bg7 6. Nd2 bxc4 7. bxc4 0-0 8. e4 d6 9. Bd3 Nbd7 10. Ngf3 Rb8 11. Bc3 Nxd5 12. Bxg7 Nf4 13. Bxf8 Nxd3+ 14. Kf1 Qxf8 15. Rb1 Nb6 16. Qe2 Nf4 17. Qe3 e5 18. Rc1 f5 19. g3 Nh5 20. exf5 Qxf5 21. h3 Qf7 22. Ng5 Qe7 23. Kg2 Bb7+ 24. f3 d5 25. h4 e4 26. fxe4 d4 27. Qe2 Qe5 28. Qg4 Re8 29. Rhf1 Nd7 30. Nf7 Bxe4+ 31. Kh2 Qe6 32. Qxe6 Rxe6 33. Ng5 Bf5 34. Nxe6 Bxe6 35. Rb1 Nb6 36. Rb5 Nxc4 37. Nxc4 Bxc4 38. Rb8+ Kg7 39. Rc1 Bxa2 40. Rxc5 Nf6 41. Rc7+ Kh6 42. Rxa7 Bd5 43. Rd8 d3 44. Ra4 Be4 45. Rdd4 Bf5 46. g4 1-0

[Event "Oberliga Sued W 1920"]
[Site "Germany"]
[Date "2020.01.19"]
[Round "5.3"]
[White "Syska, Albert"]
[Black "Gress, Alexander"]
[Result "1-0"]
[WhiteElo "2216"]
[BlackElo "2210"]
[PlyCount "79"]
[EventDate "2019.09.29"]
[EventType "team-tourn"]
[EventRounds "9"]
[EventCountry "GER"]
[SourceTitle "EXT 2021"]
[Source "ChessBase"]
[SourceDate "2020.10.23"]
[SourceVersion "1"]
[SourceVersionDate "2020.10.23"]
[SourceQuality "1"]

1. e4 c5 2. Nf3 d6 3. d4 cxd4 4. Nxd4 Nf6 5. Nc3 a6 6. Be2 e5 7. Nb3 Be7 8. 0-0 0-0 9. Re1 Be6 10. Bf1 Qc7 11. Nd5 Nxd5 12. exd5 Bf5 13. c4 Nd7 14. Be3 b6 15. Rc1 Bg6 16. f3 Qd8 17. Qd2 f5 18. f4 Nf6 19. Qb4 Rb8 20. Rcd1 Ne4 21. Nd2 Bh4 22. g3 Nxg3 23. hxg3 Bxg3 24. Nf3 Bh5 25. Bg2 exf4 26. Bd4 g5 27. Re6 Bxf3 28. Rxd6 Qe8 29. Bxf3 g4 30. Re6 Qh5 31. Re7 Rf6 32. Rd2 Bh4 33. Bxf6 Bxf6 34. Qd6 Rf8 35. Qe6+ Kh8 36. Rh2 Qg6 37. Rhxh7+ Qxh7 38. Rxh7+ Kxh7 39. Qxf5+ Kh8 40. Qh5+ 1-0

[Event "Oberliga Sued W 1920"]
[Site "Germany"]
[Date "2019.10.20"]
[Round "2.4"]
[White "Moeller, Jeremy"]
[Black "Gress, Alexander"]
[Result "1-0"]
[WhiteElo "2026"]
[BlackElo "2210"]
[PlyCount "155"]
[EventDate "2019.09.29"]
[EventType "team-tourn"]
[EventRounds "9"]
[EventCountry "GER"]
[SourceTitle "EXT 2021"]
[Source "ChessBase"]
[SourceDate "2020.10.23"]
[SourceVersion "1"]
[SourceVersionDate "2020.10.23"]
[SourceQuality "1"]

1. e4 c5 2. Nf3 d6 3. Bb5+ Nd7 4. c3 a6 5. Ba4 Ngf6 6. Qe2 b5 7. Bc2 Bb7 8. 0-0 e6 9. d4 Be7 10. a4 0-0 11. e5 dxe5 12. dxe5 Bxf3 13. gxf3 Nd5 14. axb5 axb5 15. Rxa8 Qxa8 16. f4 c4 17. Rd1 f5 18. exf6 Rxf6 19. Qe4 Rg6+ 20. Kh1 Nc5 21. Qf3 Rf6 22. Na3 Qb8 23. f5 Nd3 24. Bxd3 cxd3 25. Qe4 Bxa3 26. Bg5 Bxb2 27. Bxf6 Nxf6 28. Qxe6+ Kh8 29. Rxd3 Qa8+ 30. Kg1 h6 31. Qb3 Qa1+ 32. Rd1 Qa4 33. Rd8+ Kh7 34. Qxb2 Qg4+ 35. Kf1 Qh3+ 36. Ke1 Ne4 37. Qc2 Qg2 38. Qe2 Qg1+ 39. Qf1 Qg5 40. Qd3 Qg1+ 41. Ke2 Qxf2+ 42. Kd1 Qg1+ 43. Kc2 Qxh2+ 44. Kb1 Qg1+ 45. Kb2 Nc5 46. Qd5 Na4+ 47. Ka3 Qc5+ 48. Qxc5 Nxc5 49. Kb4 Ne4 50. Rd4 Ng3 51. Rd5 g5 52. fxg6+ Kxg6 53. Kxb5 Ne4 54. Kc4 h5 55. Kd3 Nf6 56. Rd4 Kg5 57. c4 h4 58. Ke3 Ng4+ 59. Kf3 Ne5+ 60. Kg2 Nc6 61. Rd6 Ne7 62. Re6 Nf5 63. c5 Nd4 64. Rd6 Nb5 65. Rb6 Na7 66. Re6 Kf5 67. Re8 Nc6 68. Kh3 Kf6 69. Kxh4 Ne7 70. Kg4 Kf7 71. Rd8 Nc6 72. Rd6 Nb8 73. Kf5 Ke7 74. Ke5 Nd7+ 75. Kd5 Nb8 76. c6 Na6 77. Rd7+ Ke8 78. Kd6 1-0

[Event "Oberliga Sued W 1920"]
[Site "Germany"]
[Date "2019.09.29"]
[Round "1.4"]
[White "Gress, Alexander"]
[Black "Silber, Henning"]
[Result "0-1"]
[WhiteElo "2210"]
[BlackElo "2298"]
[PlyCount "190"]
[EventDate "2019.09.29"]
[EventType "team-tourn"]
[EventRounds "9"]
[EventCountry "GER"]
[SourceTitle "EXT 2021"]
[Source "ChessBase"]
[SourceDate "2020.10.23"]
[SourceVersion "1"]
[SourceVersionDate "2020.10.23"]
[SourceQuality "1"]

1. e4 e5 2. Nf3 Nc6 3. Bc4 Nf6 4. Ng5 d5 5. exd5 Na5 6. Bb5+ c6 7. dxc6 bxc6 8. Bd3 Be7 9. 0-0 Nd5 10. Nf3 f6 11. Re1 0-0 12. Nc3 Bg4 13. h3 Bh5 14. Bf5 Nxc3 15. bxc3 c5 16. d3 Nc6 17. Qe2 Qd6 18. Qe4 g6 19. Qc4+ Kh8 20. Be4 g5 21. Ba3 Rac8 22. Bf5 Bf7 23. Qe4 Rc7 24. Rad1 Qd5 25. h4 Qxe4 26. Rxe4 h6 27. hxg5 hxg5 28. Ra4 c4 29. d4 Bxa3 30. Rxa3 Ne7 31. g4 Nxf5 32. gxf5 Bh5 33. Kg2 e4 34. Rh1 exf3+ 35. Kg3 Rh7 36. Ra6 Bg6 37. Rxh7+ Bxh7 38. Kg4 Rf7 39. Rc6 Bg8 40. Rxc4 Rd7 41. Rc8 Kg7 42. a3 Bd5 43. Rc5 Be4 44. Ra5 Bxc2 45. Kxf3 Rc7 46. Ke2 Rxc3 47. Rxa7+ Kf8 48. Kd2 Rc4 49. Ra8+ Ke7 50. Ra7+ Kd8 51. Rf7 Bxf5 52. Rxf6 Rxd4+ 53. Ke3 Rd5 54. Rf7 Ra5 55. a4 Bd7 56. Rg7 g4 57. f3 gxf3 58. Kxf3 Rxa4 59. Ke3 Kc7 60. Rg6 Bc6 61. Rh6 Kb6 62. Rh5 Rg4 63. Rf5 Kc7 64. Rf6 Bd5 65. Rf4 Rg5 66. Rf6 Kd7 67. Kf4 Rg1 68. Ke5 Be6 69. Rh6 Rg5+ 70. Kf4 Rf5+ 71. Ke4 Ra5 72. Rh2 Kd6 73. Rd2+ Bd5+ 74. Ke3 Ke5 75. Rd4 Ra1 76. Rd2 Rh1 77. Kd3 Rh3+ 78. Kc2 Kd6 79. Rd3 Rh4 80. Rg3 Kc5 81. Rc3+ Bc4 82. Rg3 Kd4 83. Rg2 Bd3+ 84. Kb2 Rh1 85. Rg4+ Be4 86. Rg3 Rb1+ 87. Ka2 Rb6 88. Ra3 Bd3 89. Ka1 Bc4 90. Ra5 Kc3 91. Ra3+ Bb3 92. Ra8 Rh6 93. Rc8+ Bc4 94. Rb8 Ra6+ 95. Kb1 Bd3+ 0-1

[Event "Oberliga Sued W 1819"]
[Site "Germany"]
[Date "2019.02.03"]
[Round "6.3"]
[White "Schulz, Klaus Juergen"]
[Black "Gress, Alexander"]
[Result "1-0"]
[WhiteElo "2339"]
[BlackElo "2210"]
[PlyCount "77"]
[EventDate "2018.10.21"]
[EventType "team-tourn"]
[EventRounds "9"]
[EventCountry "GER"]
[SourceTitle "EXT 2020"]
[Source "ChessBase"]
[SourceDate "2019.10.17"]
[SourceVersion "1"]
[SourceVersionDate "2019.10.17"]
[SourceQuality "1"]
[WhiteTeam "Heimbach Weis/Neuwied"]
[BlackTeam "Schwarzenbach Caissa"]
[WhiteTeamCountry "GER"]
[BlackTeamCountry "GER"]

1. e4 c5 2. Nf3 d6 3. c3 Nf6 4. Be2 e5 5. 0-0 Be7 6. Re1 0-0 7. Bf1 Bg4 8. h3 Bh5 9. d3 Nc6 10. Nbd2 b5 11. g4 Bg6 12. Nh4 b4 13. Bg2 Rb8 14. Nc4 Ne8 15. Nf5 Nc7 16. Qa4 Nb5 17. Qa6 Bxf5 18. exf5 d5 19. Qxc6 dxc4 20. dxc4 Rb6 21. Qe4 Nd6 22. Qe2 bxc3 23. bxc3 e4 24. Be3 Qc7 25. Rad1 Bf6 26. Rd5 Bxc3 27. Rxc5 Qe7 28. Rc1 Rb2 29. Qd1 Bb4 30. Rd5 Rc8 31. c5 Nb5 32. Rd7 Qe8 33. Bf1 Nc3 34. Qd6 Qf8 35. Qd4 h6 36. Rxc3 Bxc3 37. Qxc3 Rxa2 38. Bc4 Ra4 39. Rxf7 1-0

[Event "Oberliga Sued W 1819"]
[Site "Germany"]
[Date "2018.10.21"]
[Round "1.4"]
[White "Lang, Torsten"]
[Black "Gress, Alexander"]
[Result "1/2-1/2"]
[WhiteElo "2320"]
[BlackElo "2210"]
[PlyCount "69"]
[EventDate "2018.10.21"]
[EventType "team-tourn"]
[EventRounds "9"]
[EventCountry "GER"]
[SourceTitle "EXT 2020"]
[Source "ChessBase"]
[SourceDate "2019.10.17"]
[SourceVersion "1"]
[SourceVersionDate "2019.10.17"]
[SourceQuality "1"]
[WhiteTeam "Landau"]
[BlackTeam "Schwarzenbach Caissa"]
[WhiteTeamCountry "GER"]
[BlackTeamCountry "GER"]

1. d4 c5 2. e3 Nf6 3. Nf3 g6 4. Be2 Bg7 5. 0-0 0-0 6. c3 Qc7 7. a3 d5 8. dxc5 Nbd7 9. b4 b6 10. cxb6 Nxb6 11. Bb2 Nc4 12. Qb3 Ba6 13. Re1 Ne4 14. Bc1 Rab8 15. Ra2 Rfd8 16. Bf1 Bc8 17. Nfd2 Ncxd2 18. Nxd2 Qxc3 19. Rc2 Qf6 20. Nxe4 dxe4 21. Bb2 Qd6 22. Bxg7 Kxg7 23. Qc3+ f6 24. Rec1 Be6 25. Qc5 Rb7 26. Qa5 Qb6 27. Qxb6 axb6 28. Rc7 Rxc7 29. Rxc7 Kf7 30. f3 exf3 31. gxf3 Rd1 32. Kf2 Rd2+ 33. Be2 Ra2 34. Rc3 Bd7 35. Ke1 1/2-1/2

[Event "Oberliga Sued W 1718"]
[Site "Germany"]
[Date "2018.04.15"]
[Round "11.6"]
[White "Gress, Alexander"]
[Black "Dauenheimer, Torsten"]
[Result "1-0"]
[WhiteElo "2143"]
[BlackElo "2216"]
[PlyCount "49"]
[EventDate "2017.09.10"]
[EventType "team-tourn"]
[EventRounds "11"]
[EventCountry "GER"]
[SourceTitle "EXT 2019"]
[Source "ChessBase"]
[SourceDate "2018.10.10"]
[SourceVersion "1"]
[SourceVersionDate "2018.10.10"]
[SourceQuality "1"]
[WhiteTeam "Schwarzenbach Caissa"]
[BlackTeam "Worms"]
[WhiteTeamCountry "GER"]
[BlackTeamCountry "GER"]

1. e4 e6 2. d4 d5 3. Nc3 Bb4 4. a3 Bxc3+ 5. bxc3 dxe4 6. Qg4 Nf6 7. Qxg7 Rg8 8. Qh6 Nbd7 9. Bg5 Rg6 10. Qh4 c5 11. Ne2 Qa5 12. Bd2 h5 13. h3 b6 14. Nf4 Rg8 15. d5 exd5 16. Nxd5 e3 17. Nxf6+ Nxf6 18. fxe3 Nd5 19. Bc4 Be6 20. e4 Ne3 21. Bb5+ Qxb5 22. Bxe3 Rxg2 23. Qxh5 0-0-0 24. Rd1 Rxc2 25. Rxd8+ 1-0

[Event "BL2-Sued 1617"]
[Site "Germany"]
[Date "2017.05.07"]
[Round "9.8"]
[White "Gress, Alexander"]
[Black "Shvayger, Yuliya"]
[Result "0-1"]
[WhiteElo "2177"]
[BlackElo "2423"]
[PlyCount "86"]
[EventDate "2016.10.16"]
[EventType "team-tourn"]
[EventRounds "9"]
[EventCountry "GER"]
[SourceTitle "EXT 2018"]
[Source "ChessBase"]
[SourceDate "2017.10.13"]
[SourceVersion "1"]
[SourceVersionDate "2017.10.13"]
[SourceQuality "1"]
[WhiteTeam "Schwarzenbach"]
[BlackTeam "Deizisau"]
[WhiteTeamCountry "GER"]
[BlackTeamCountry "GER"]

1. e4 c5 2. Nf3 Nc6 3. d4 cxd4 4. Nxd4 Qb6 5. Nb3 Nf6 6. Nc3 e6 7. Be3 Qc7 8. a3 a6 9. Be2 b5 10. 0-0 d6 11. f4 Bb7 12. Bf3 Be7 13. Qd2 0-0 14. g4 Nd7 15. Qf2 Na5 16. Nxa5 Qxa5 17. Rad1 b4 18. axb4 Qxb4 19. Bd4 Bc6 20. Ne2 e5 21. Bc3 Qb7 22. Qg2 exf4 23. Nd4 Ne5 24. Nxc6 Qxc6 25. g5 Rfe8 26. Rd5 Bf8 27. Bh5 g6 28. Be2 Bg7 29. Rxf4 Qc7 30. Qf2 a5 31. Rf6 Bxf6 32. gxf6 Re6 33. Qh4 Qd8 34. Bxe5 Rxe5 35. Rd3 Rc8 36. Rh3 h5 37. Rg3 Re6 38. Rf3 Rxc2 39. Bd3 Qb6+ 40. Kf1 Rc1+ 41. Kg2 Qxb2+ 42. Rf2 Qd4 43. Qg5 Rc5 0-1

[Event "Karlsruhe Grenke op"]
[Site "Karlsruhe"]
[Date "2017.04.13"]
[Round "1"]
[White "Gress, Alexander"]
[Black "Saric, Ivan"]
[Result "0-1"]
[WhiteElo "2136"]
[BlackElo "2609"]
[PlyCount "123"]
[EventDate "2017.04.13"]
[EventType "swiss"]
[EventRounds "9"]
[EventCountry "GER"]
[SourceTitle "CBM 177 Extra"]
[Source "ChessBase"]
[SourceDate "2017.04.27"]
[SourceVersion "1"]
[SourceVersionDate "2017.04.27"]
[SourceQuality "1"]

1. e4 c5 2. Nf3 e6 3. d4 cxd4 4. Nxd4 Nc6 5. Nb5 d6 6. c4 Nf6 7. N1c3 a6 8. Na3 Be7 9. Be2 0-0 10. Be3 b6 11. 0-0 Bb7 12. f4 Rc8 13. Bf3 Ba8 14. Qe2 Qc7 15. Qf2 Nd7 16. Rac1 Qb8 17. Rfd1 Rfd8 18. Be2 Nc5 19. Nc2 Bf6 20. e5 dxe5 21. b4 Nd7 22. Ne4 Be7 23. c5 bxc5 24. Bxa6 Bb7 25. Bxb7 Qxb7 26. Nxc5 Nxc5 27. Bxc5 Bxc5 28. bxc5 exf4 29. Qxf4 Qa7 30. Ne3 Rxd1+ 31. Nxd1 Qxa2 32. Nc3 Qb3 33. Ne4 Qb4 34. Qe3 Qb2 35. Nd6 Ra8 36. Rf1 Ra1 37. Rxa1 Qxa1+ 38. Kf2 Qb2+ 39. Kf1 h6 40. h3 Kf8 41. Kg1 Qa1+ 42. Kf2 Qb2+ 43. Kg1 Qd4 44. Kf2 Qxe3+ 45. Kxe3 Ke7 46. Kd3 Ne5+ 47. Kc3 Kd7 48. Kd4 f6 49. Nb7 h5 50. Nd6 h4 51. Nb7 Nc6+ 52. Kc4 f5 53. Nd6 g5 54. Nf7 g4 55. hxg4 fxg4 56. Ng5 Ke7 57. Kb5 Nd4+ 58. Kc4 Nf5 59. Kd3 Kf6 60. Ne4+ Ke5 61. c6 Ne7 62. c7 0-1

[Event "BL2-Sued 1617"]
[Site "Germany"]
[Date "2017.03.19"]
[Round "7.8"]
[White "Gress, Alexander"]
[Black "Everett, Elijah David"]
[Result "0-1"]
[WhiteElo "2147"]
[BlackElo "2116"]
[PlyCount "106"]
[EventDate "2016.10.16"]
[EventType "team-tourn"]
[EventRounds "9"]
[EventCountry "GER"]
[SourceTitle "EXT 2018"]
[Source "ChessBase"]
[SourceDate "2017.10.13"]
[SourceVersion "1"]
[SourceVersionDate "2017.10.13"]
[SourceQuality "1"]
[WhiteTeam "Schwarzenbach"]
[BlackTeam "Schoeneck"]
[WhiteTeamCountry "GER"]
[BlackTeamCountry "GER"]

1. e4 c5 2. Nf3 d6 3. d4 cxd4 4. Nxd4 Nf6 5. Nc3 a6 6. Bg5 e6 7. f4 Qb6 8. Qd2 Qxb2 9. Rb1 Qa3 10. f5 Nc6 11. fxe6 fxe6 12. Nxc6 bxc6 13. Bd3 Be7 14. e5 dxe5 15. 0-0 0-0 16. Kh1 Bd7 17. Qe3 Nd5 18. Qh3 g6 19. Ne4 Bxg5 20. Nxg5 Qe7 21. Qg3 Rf4 22. Rfe1 Raf8 23. Rb7 Nb4 24. Nh3 R4f7 25. a3 Nxd3 26. Qxd3 Qh4 27. Rd1 Be8 28. Rb4 Qe7 29. Ng1 a5 30. Rg4 Qc5 31. Rc4 Qf2 32. Nf3 Rd7 33. Qf1 Qxf1+ 34. Rxf1 Rf4 35. Rxf4 exf4 36. h4 Rd5 37. Ng5 e5 38. Rb1 h6 39. Ne4 Kf7 40. Rb7+ Ke6 41. Rb8 Bd7 42. Rf8 Ke7 43. Ra8 Bf5 44. Nc3 Rc5 45. Na4 Rxc2 46. Rxa5 Kd6 47. Nb6 Be4 48. Kg1 Rxg2+ 49. Kf1 Rc2 50. Nc8+ Kd7 51. Nb6+ Kc7 52. Na4 f3 53. Nc5 Bf5 0-1

[Event "BL2-Sued 1617"]
[Site "Germany"]
[Date "2017.01.15"]
[Round "4.7"]
[White "Gress, Alexander"]
[Black "Mann, Christian"]
[Result "0-1"]
[WhiteElo "2181"]
[BlackElo "2416"]
[PlyCount "128"]
[EventDate "2016.10.16"]
[EventType "team-tourn"]
[EventRounds "9"]
[EventCountry "GER"]
[SourceTitle "EXT 2018"]
[Source "ChessBase"]
[SourceDate "2017.10.13"]
[SourceVersion "1"]
[SourceVersionDate "2017.10.13"]
[SourceQuality "1"]
[WhiteTeam "Schwarzenbach"]
[BlackTeam "Eppingen"]
[WhiteTeamCountry "GER"]
[BlackTeamCountry "GER"]

1. e4 e6 2. d4 d5 3. Nc3 Nf6 4. Bg5 dxe4 5. Nxe4 Be7 6. Bxf6 Bxf6 7. Nf3 Nd7 8. Qd2 b6 9. Bb5 0-0 10. Bc6 Rb8 11. 0-0-0 Bb7 12. Bxd7 Bxe4 13. Ne5 c5 14. Qe3 Bd5 15. Bc6 Qc7 16. Bxd5 cxd4 17. Rxd4 Qxe5 18. Qxe5 Bxe5 19. Re4 Bxb2+ 20. Kxb2 exd5 21. Re7 Rfe8 22. Rc7 Re2 23. Rf1 h5 24. Kc3 Rbe8 25. Kd3 R2e7 26. Rxe7 Rxe7 27. h4 Re4 28. g3 Ra4 29. Re1 Ra3+ 30. Kd2 f6 31. Re8+ Kf7 32. Rd8 Ke6 33. Rg8 Kf7 34. Rd8 Rxa2 35. Rd7+ Kg6 36. Rxd5 Rb2 37. Rd7 a5 38. Ra7 Kh6 39. Rf7 Rb5 40. c4 Rb2+ 41. Ke3 Rc2 42. Rb7 Rc3+ 43. Kd2 Rxc4 44. Rxb6 Rc5 45. Ra6 Rf5 46. f4 Rb5 47. Ke2 Kg6 48. Ra7 Kf5 49. Rxg7 a4 50. Ra7 Kg4 51. Rxa4 Kxg3 52. Ra6 Rf5 53. Ke3 Rxf4 54. Ra1 Rf3+ 55. Ke2 Rf5 56. Rh1 Kg2 57. Ra1 Re5+ 58. Kd3 f5 59. Ra8 f4 60. Rg8+ Kh3 61. Kd4 Re7 62. Rf8 Kg4 63. Rf6 f3 64. Kd3 Kg3 0-1

[Event "GER-ch 87th"]
[Site "Luebeck"]
[Date "2016.10.26"]
[Round "6"]
[White "Hirneise, Jens"]
[Black "Gress, Alexander"]
[Result "1/2-1/2"]
[WhiteElo "2324"]
[BlackElo "2177"]
[PlyCount "79"]
[EventDate "2016.10.21"]
[EventType "swiss"]
[EventRounds "9"]
[EventCountry "GER"]
[SourceTitle "EXT 2018"]
[Source "ChessBase"]
[SourceDate "2017.10.13"]
[SourceVersion "1"]
[SourceVersionDate "2017.10.13"]
[SourceQuality "1"]

1. e4 c5 2. Nf3 d6 3. d4 cxd4 4. Nxd4 Nf6 5. Nc3 a6 6. Be3 Ng4 7. Bg5 h6 8. Bh4 g5 9. Bg3 Bg7 10. h3 Ne5 11. f3 Nbc6 12. Bf2 Be6 13. Qd2 Rc8 14. 0-0-0 Nxd4 15. Bxd4 Qa5 16. a3 0-0 17. Kb1 Bc4 18. Nd5 Qd8 19. Ne3 b5 20. h4 g4 21. Bxe5 dxe5 22. Qxd8 Rfxd8 23. Bxc4 bxc4 24. Nxg4 h5 25. Ne3 Rxd1+ 26. Rxd1 e6 27. Rd6 a5 28. c3 Bh6 29. Nf1 Kf8 30. Kc2 Ke7 31. Ra6 Rg8 32. g3 Rd8 33. Rxa5 Rd3 34. f4 exf4 35. Rxh5 fxg3 36. Nxg3 Bf4 37. Nf5+ exf5 38. Rxf5 Rd2+ 39. Kb1 Bd6 40. e5 1/2-1/2

[Event "GER-ch 87th"]
[Site "Luebeck"]
[Date "2016.10.21"]
[Round "1"]
[White "Mueer, Sebastian"]
[Black "Gress, Alexander"]
[Result "1-0"]
[WhiteElo "2289"]
[BlackElo "2177"]
[PlyCount "79"]
[EventDate "2016.10.21"]
[EventType "swiss"]
[EventRounds "9"]
[EventCountry "GER"]
[SourceTitle "EXT 2018"]
[Source "ChessBase"]
[SourceDate "2017.10.13"]
[SourceVersion "1"]
[SourceVersionDate "2017.10.13"]
[SourceQuality "1"]

1. c4 Nf6 2. g3 c5 3. Bg2 d5 4. cxd5 Nxd5 5. Nc3 Nc7 6. Nf3 Nc6 7. a3 e5 8. 0-0 Rb8 9. d3 Be7 10. Nd2 Be6 11. Bxc6+ bxc6 12. Qa4 Qd7 13. Nc4 f6 14. f4 0-0 15. fxe5 Bh3 16. Rf2 Ne6 17. Be3 Nd4 18. Re1 fxe5 19. Nxe5 Qd6 20. Nc4 Qe6 21. Ne4 Bg4 22. Qxa7 Rxf2 23. Bxf2 Rd8 24. Bxd4 cxd4 25. Qc7 Bh3 26. Qe5 Qf7 27. Nf2 Be6 28. Nd2 Bf6 29. Qf4 g5 30. Qf3 Rd5 31. Ng4 Bxg4 32. Qxg4 h5 33. Qc8+ Rd8 34. Qxc6 Qe7 35. Ne4 Bg7 36. Rf1 h4 37. Qg6 Rf8 38. Rxf8+ Qxf8 39. Nxg5 Qe7 40. Ne6 1-0

[Event "Oberliga Sued W 1516"]
[Site "Germany"]
[Date "2016.01.31"]
[Round "6.8"]
[White "Erlekam, Simon"]
[Black "Gress, Alexander"]
[Result "0-1"]
[WhiteElo "1802"]
[BlackElo "2078"]
[PlyCount "50"]
[EventDate "2015.09.20"]
[EventType "team-tourn"]
[EventRounds "9"]
[EventCountry "GER"]
[SourceTitle "EXT 2017"]
[Source "ChessBase"]
[SourceDate "2016.10.25"]
[SourceVersion "1"]
[SourceVersionDate "2016.10.25"]
[SourceQuality "1"]
[WhiteTeam "Gau Algesheim"]
[BlackTeam "Schwarzenbach Caissa"]
[WhiteTeamCountry "GER"]
[BlackTeamCountry "GER"]

1. e4 c5 2. Nf3 d6 3. d4 cxd4 4. Nxd4 Nf6 5. Nc3 a6 6. g3 e5 7. Nb3 Be7 8. Bg2 Qc7 9. 0-0 b5 10. a4 b4 11. Nd5 Nxd5 12. Qxd5 Nc6 13. Na5 Bd7 14. Nxc6 Bxc6 15. Qc4 a5 16. c3 0-0 17. cxb4 axb4 18. Bd2 Rfc8 19. Rfc1 Qd7 20. Bxb4 Bxa4 21. Rxa4 Qxa4 22. Qxc8+ Rxc8 23. Rxc8+ Bf8 24. Bxd6 Qd1+ 25. Bf1 Qxd6 0-1

[Event "Staufer op-A 28th"]
[Site "Schwaebisch Gmuend"]
[Date "2016.01.02"]
[Round "2"]
[White "Gress, Alexander"]
[Black "Hacker, Jonas"]
[Result "1-0"]
[WhiteElo "2078"]
[BlackElo "2360"]
[PlyCount "57"]
[EventDate "2016.01.02"]
[EventType "swiss"]
[EventRounds "9"]
[EventCountry "GER"]
[SourceTitle "CBM 170 Extra"]
[Source "ChessBase"]
[SourceDate "2016.02.25"]
[SourceVersion "1"]
[SourceVersionDate "2016.02.25"]
[SourceQuality "1"]

1. e4 c5 2. Nf3 d6 3. d4 cxd4 4. Nxd4 Nf6 5. Nc3 g6 6. Be3 Bg7 7. Bc4 0-0 8. f3 Nc6 9. Bb3 Bd7 10. Qd2 Rc8 11. 0-0-0 Nxd4 12. Bxd4 b5 13. e5 dxe5 14. Bxe5 Bc6 15. Qg5 Qe8 16. h4 a5 17. h5 h6 18. Qxg6 a4 19. Bxf6 exf6 20. Rhe1 axb3 21. Qg3 b4 22. Rxe8 Bxe8 23. axb3 bxc3 24. bxc3 Rxc3 25. Rd4 f5 26. Kd2 Rc8 27. Rd6 Kh8 28. Qf4 Rc6 29. c4 1-0

[Event "Saarland-ch MA 89th"]
[Site "Stennweiler"]
[Date "2014.04.18"]
[Round "8"]
[White "Barmbold, Jens"]
[Black "Gress, Alexander"]
[Result "1-0"]
[WhiteElo "2199"]
[BlackElo "2054"]
[PlyCount "41"]
[EventDate "2014.04.11"]
[EventType "swiss"]
[EventRounds "9"]
[EventCountry "GER"]
[SourceTitle "EXT 2016"]
[Source "ChessBase"]
[SourceDate "2015.10.08"]
[SourceVersion "1"]
[SourceVersionDate "2015.10.08"]
[SourceQuality "1"]

1. d4 Nf6 2. Nf3 c5 3. d5 b5 4. Bg5 Ne4 5. Bh4 Bb7 6. a4 b4 7. Qd3 f5 8. Nbd2 Qb6 9. Nxe4 fxe4 10. Qxe4 Na6 11. e3 0-0-0 12. Ne5 Nc7 13. Bc4 g5 14. Bxg5 Re8 15. a5 Qd6 16. Nf7 Bg7 17. Nxd6+ exd6 18. Qd3 Bxb2 19. 0-0 Bxa1 20. Rxa1 Re5 21. Bf6 1-0

[Event "Saarland-ch MA 89th"]
[Site "Stennweiler"]
[Date "2014.04.16"]
[Round "6"]
[White "Gress, Alexander"]
[Black "Holle, Cedric"]
[Result "1-0"]
[WhiteElo "2054"]
[BlackElo "1907"]
[PlyCount "57"]
[EventDate "2014.04.11"]
[EventType "swiss"]
[EventRounds "9"]
[EventCountry "GER"]
[SourceTitle "EXT 2016"]
[Source "ChessBase"]
[SourceDate "2015.10.08"]
[SourceVersion "1"]
[SourceVersionDate "2015.10.08"]
[SourceQuality "1"]

1. e4 e6 2. d4 d5 3. Nc3 Bb4 4. a3 Bxc3+ 5. bxc3 dxe4 6. Qg4 Nf6 7. Qxg7 Rg8 8. Qh6 Rg6 9. Qh4 Rg4 10. Qh3 Nbd7 11. f3 Rg6 12. fxe4 e5 13. Nf3 Nxe4 14. Qf5 Nd6 15. Qh5 exd4 16. Bd3 Re6+ 17. Kd1 Nf6 18. Qg5 dxc3 19. Nd4 Nde4 20. Nxe6 Bxe6 21. Qe5 Nf2+ 22. Ke2 Nxh1 23. Bg5 Qd5 24. Qxf6 Qxg2+ 25. Ke1 Qg1+ 26. Bf1 Kd7 27. Rd1+ Kc6 28. Qxc3+ Qc5 29. Bg2+ 1-0